Holiday Quiz

Random Holiday or Word Play Quiz

I Hate St. Patrick's Day Jokes Too! Quiz Stats

Quiz Updated Mar 17, 2016

Challenge
Share
Tweet
Embed
Score 0/18 Timer 06:00
5 Plays Today
% Correct
Because it has two banks
92.4%
St. O'Claus
91.9%
Because you don't want to press your luck
91.6%
BOOs
91.4%
On his brag-pipes
91.3%
He's Dublin' over with laughter
91.2%
Sure, they're green with envy
90.7%
A leper con
90.1%
Because they're great at shorthand
89.9%
% Correct
Because they're always wearing green
89.8%
A lot of small talk
89.6%
The halfback of Notre Dame
89%
Because they're always a little bit short
87.4%
He was a short-order cook
87.3%
One set of bars was as good as another
86.8%
Rick O'Shea
85.4%
Regular rocks are too heavy
80.6%
Because they're very short-tempered
80.5%

You're not logged in!

Compare scores with friends on all Sporcle quizzes.
Join for Free
OR
Log In

You Might Also Like...

Show Comments

Extras

Top Quizzes Today


Score Distribution

Your Account Isn't Verified!

In order to create a playlist on Sporcle, you need to verify the email address you used during registration. Go to your Sporcle Settings to finish the process.

Report this User

Report this user for behavior that violates our Community Guidelines.

Details: